Atlas de Europa / (Record no. 107829)

MARC details
000 -LEADER
campo de control de longitud fija 00511nam a2200193 4500
001 - NÚMERO DE CONTROL
campo de control 5203
005 - FECHA Y HORA DE LA ÚLTIMA TRANSACCIÓN
campo de control 20230411085823.0
008 - DATOS DE LONGITUD FIJA--INFORMACIÓN GENERAL
campo de control de longitud fija 060907n2000 dr spa
020 ## - NÚMERO INTERNACIONAL ESTÁNDAR DEL LIBRO
Número Internacional Estándar del Libro 8470903950
035 ## - NÚMERO DE CONTROL DEL SISTEMA
-- funglode5247
041 ## - CÓDIGO DE IDIOMA
Código de lengua del texto/banda sonora o título independiente ES
050 14 - SIGNATURA TOPOGRÁFICA DE LA BIBLIOTECA DEL CONGRESO
Número de clasificación R G 1797 M337a 2000
100 ## - ENTRADA PRINCIPAL--NOMBRE DE PERSONA
Nombre de persona Marín González, Gelu
245 1# - MENCIÓN DEL TÍTULO
Título Atlas de Europa /
Mención de responsabilidad, etc. Gelu Marín González
260 ## - PUBLICACIÓN, DISTRIBUCIÓN, ETC.
Lugar de publicación, distribución, etc. Madrid :
Nombre del editor, distribuidor, etc. Ediciones Istmo,
Fecha de publicación, distribución, etc. 2000
300 ## - DESCRIPCIÓN FÍSICA
Extensión 620 p.
440 ## - MENCIÓN DE SERIE/PUNTO DE ACCESO ADICIONAL--TÍTULO
Título Colección fundamentos ;
Designación de volumen o secuencia 159
942 ## - ELEMENTOS DE ENTRADA SECUNDARIOS (KOHA)
Fuente del sistema de clasificación o colocación Clasificación de Library of Congress
Tipo de ítem Koha
Holdings
Estatus retirado Estado de pérdida Fuente del sistema de clasificación o colocación Estado de daño No para préstamo Colección Biblioteca de origen Biblioteca actual Ubicación en estantería Fecha de adquisición Signatura topográfica completa Código de barras Visto por última vez Copia número Tipo de ítem Koha
    Clasificación de Library of Congress     Referencia Biblioteca Juan Bosch Biblioteca Juan Bosch Referencia (1er. Piso) 17/02/2019 R G 1797 M337a 2000 00000020115 17/02/2019 1